Santa Teresa

Shranjeno v:
Bibliografske podrobnosti
Glavni avtor: Bertrand, Louis (Author)
Format: Knjiga
Jezik:španščina
Izdano: Madrid Mercurio 1927
Teme:
Oznake: Označite
Brez oznak, prvi označite!

MARC

LEADER 00000nam a2200000 a 4500
001 UCI4834
003 CL-VaPUC
008 080307e19270000SP |||||||||||||||||spa|d
082 0 4 |a 922.22  |b BER  |2 21 
100 0 |a Bertrand, Louis  |e author  |9 526885 
245 1 0 |a Santa Teresa 
300 |a 343 p 
942 |c BK 
945 |d 20080307 00:00:00  |a rbrito 
260 |a Madrid  |b Mercurio  |c 1927 
500 |a Donación padres capuchinos 
600 0 7 |a SANTA TERESA  |2 CL-VaPUC  |9 376944 
650 0 |a Biografías  |9 255210 
650 7 |a SANTO  |2 CL-VaPUC  |9 526878 
650 0 |a Vida religiosa  |9 257284 
583 |a last modification  |c 20080307 00:00:00  |k Rodrigo Vera 
999 |c 328681  |d 328679 
952 |0 0  |1 0  |4 0  |6 922_220000000000000_BER_1927  |7 0  |8 ?  |9 412752  |a FDOBUD  |b FDOBUD  |d 2019-11-22  |i 440940K  |o 922.22 BER 1927  |p 440940K  |r 2019-11-22  |w 2019-11-22  |y BK  |k BUD